000 00869nam0a2200265 4500
001 RU\NLR\bibl\1743702
005 20250616113631.0
010 _a978-5-17-060580-4
_bАСТ
010 _a978-5-271-31543-5
_95000
_bАстрель
021 _aRU
_b2011-8579
_9608
035 _a(NLR Aleph) 001734606
090 _a1421076
_c1421076
100 _a20110304d2010 |||y0rusy50 ca
101 1 _arus
_ceng
102 _aRU
105 _ay |||||||||
200 1 _aПророчество атлантов
_e[роман]
_fТомас Гриниас
_g[пер. с англ. С. Лобанова]
210 _aМосква
_cАСТ
_cАстрель
_d2010
215 _a314, [2] с.
_d21
686 _aШ6(7США)67-445{Лх1979-62}
700 1 _aГриниас
_bТ.
_gТомас
_4070
801 0 _aRU
_bNLR
_c20110304
_gRCR
801 1 _aRU
_bNLR
_c20110304
942 _cBOOK
980 _aNB